000
00467nam a22001457a 4500
003
OSt
005
20220216152035.0
008
220216b |||||||| |||| 00| 0 eng d
020
_a
040
_c
H U
082
_a
629.8312
100
_a
Guta Dr. Sushil Dass
_9
30714
245
_a
Control System Theory
942
_2
ddc
_c
BOOKS
_n
0
999
_c
30630
_d
30630